00789 2200313 4500001002100000005001500021035002000036007000300056040001700059100002000076245005400096250001000150300003500160504002800195020001600223041000800239082001600247084001600263090002100279260003100300650002100331700002900352850001000381990001500391990001500406990001500421990001500436990002400451INLIS00000000000670420231120103023 a0010-0622000039ta aSBPUPADbind0 asusatio sudigno aDasar-dasar Matematika Ekonomi /csusatio sudigno acet.8 aviii,473 hal :billus. ;c18cm abibliografi,hlm 473-475 a54-09-005-5 aind 2[23]a512.9 a512.9 CHI d a512.9 CHI d 11-4 aJakarta :berlangga,c1999 adasar matematika aeditor, gunawan hutauruk aPUPAD a17104/2012 a17103/20/2 a17101/2012 a17102/2012 a17.225/BR/KAPD/2012